=LDR 00000nam 2200000 4500 =001 INLIS000000000018514 =005 20130612113704 =008 ***********************************eng** =035 ##$$0010-061300000018514 =041 ##$$a eng =082 ##$$a 823 =090 ##$$a 823, gor e =100 ##$$a GORDON, Richardo =245 ##$$a The captam's table, Richardo Gordon =260 ##$$a 1964 $b London =300 ##$$a 223 hlm, 32 cm =650 ##$$a FIKSI INGGRIS =850 ##$$a NBPNMAT =990 ##$$a 0001/BPAP-NTB/2016